| 000 | 00392nam a22001457a 4500 | ||
|---|---|---|---|
| 082 | _aP-645 | ||
| 100 |
_aHussain Tariq _950806 |
||
| 245 | _aInteractive pile analysis and design computer software | ||
| 260 |
_aRisalpur, _bMCE, _c2015. |
||
| 300 |
_a67p. _b28cm. |
||
| 526 |
_a0 _b0 _c0 _dP_645 |
||
| 526 |
_a0 _b0 _c0 _dP_645 |
||
| 700 |
_aMaj Dr Mazhar Iqbal arshad _950794 |
||
| 942 |
_2ddc _cBK |
||
| 999 |
_c553550 _d553550 |
||